Vyčerpání zdrojů skvěle prodejný mýtus

Gespeichert in:
Bibliographische Detailangaben
1. Verfasser: Hampl, Mojmír
Format: Buch
Sprache:Tschechisch
Veröffentlicht: Praha Centrum pro ekonomiku a politiku 2004
Schlagworte:
Tags: Tag hinzufügen
Keine Tags, Fügen Sie das erste Tag hinzu!

MARC

LEADER 00000nam$a2200000$$$4500
001 0019844
005 20240306141736.9
020 |a 80-86547-28-0 
041 0 |a cze 
044 |a CZ 
245 1 0 |a Vyčerpání zdrojů  |b skvěle prodejný mýtus  |c Mojmír Hampl 
264 1 |a Praha  |b Centrum pro ekonomiku a politiku  |c 2004 
300 |a 67 s. 
610 2 0 |a zdroje prírodné 
610 2 0 |a bilancia materiálová 
610 2 0 |a bohatstvo prírodné 
610 2 0 |a objekty hospodárenia 
610 2 0 |a zásoby surovín 
610 2 0 |a zdroje energie prírodné 
100 1 |a Hampl, Mojmír